[Event "63rd Bulgarian Team Championship"]
[Site "Sunny Beach"]
[Date "2013.09.24"]
[Round "6"]
[Board "5"]
[White "Velchev, Hristo"]
[Black "Serafimov, Tervel"]
[Result "1/2-1/2"]
[WhiteElo "2309"]
[BlackElo "2433"]
[PlyCount "66"]
[EventDate "2013.09.19"]
[EventType "team"]
[EventRounds "7"]
[EventCountry "BUL"]
[WhiteTeam "''Nayden Voynov'', Vidin"]
[BlackTeam "''Lokomotiv'', Sofia"]

1. e4 c6 2. d4 d5 3. Nc3 dxe4 4. Nxe4 Bf5 5. Ng3 Bg6 6. Bc4 e6 7. N1e2 Bd6 8.
Nf4 Nf6 9. O-O O-O 10. Nxg6 hxg6 11. c3 Nbd7 12. Re1 Qc7 13. Bg5 c5 14. Bb3 Bf4
15. Bxf4 Qxf4 16. d5 exd5 17. Bxd5 Ne5 18. Qe2 Nxd5 19. Qxe5 Rfd8 20. Nf1 Qxe5
21. Rxe5 f6 22. Re4 Kf7 23. Rd1 Nb6 24. Rde1 Rd7 25. g3 Rad8 26. Kg2 Nc8 27.
R4e2 Ne7 28. Nd2 Nc6 29. Nf3 b5 30. a4 Rb8 31. axb5 Rxb5 32. Ra1 a5 33. Ra2 g5
1/2-1/2